[Event "Memorijal Nesic Predrag IM 202"]
[Site "Pozarevac"]
[Date "2022.02.15"]
[Round "9.1"]
[White "Petrovic, Aleksa"]
[Black "Kandjolas, Konstantin"]
[Result "1-0"]
[WhiteElo "2296"]
[BlackElo "2084"]
[Annotator "TA"]
[PlyCount "71"]
[EventDate "2022.02.08"]
[EventType "tourn"]
[EventCountry "SRB"]
[SourceTitle "playchess.com"]
[Source "ChessBase"]
[SourceQuality "1"]

{[%evp 18,71,36,21,36,37,46,35,83,76,91,87,84,74,61,65,92,88,119,129,156,164,167,153,197,100,104,90,133,72,170,139,349,331,300,303,552,580,514,352,349,333,497,514,623,657,656,632,648,608,650,650,627,619,600,580]} 1. d4 Nf6 2. c4 g6 3. f3 Bg7 4. e4 d6 5. Nc3 O-O 6. Nge2 c5 7. d5 e6 8. Ng3 exd5 9. cxd5 a6 10. a4 {[%cal Ba2a4,Ba4a5][%mdl 32]} Re8 {A65: Modern Benoni: 6 e4.} 11. Be2 h5 12. Bg5 Qb6 (12... Nbd7 $14) 13. Qd2 $16 Nh7 14. a5 Qc7 15. Bh6 Bd4 16. Be3 {[#]} Be5 $146 ({Predecessor:} 16... h4 17. Bxd4 cxd4 18. Qxd4 hxg3 19. hxg3 Qe7 20. f4 Nd7 21. O-O-O Ndf8 22. g4 Qf6 {0-1 (71) Kavutskiy,K (2391)-Onischuk,V (2633) Chess.com INT 2020}) 17. O-O h4 18. Nh1 Qe7 19. Na4 Nd7 20. Rae1 f5 (20... b5 $16) 21. f4 ({White should play} 21. Bd3 $18) 21... Bg7 22. e5 {e6 is the strong threat.} dxe5 (22... Qd8 $142) 23. d6 {White is more active.} Qf6 (23... Qf7 $16 {might work better.}) 24. fxe5 ({Don't do} 24. Nxc5 $6 h3 $14) ({Much less strong is} 24. Bc4+ Kh8 $16) 24... Rxe5 {Loses the game.} (24... Qxe5 $2 25. Bc4+ Kh8 26. Bf2 $18) (24... Nxe5 $16 25. Nb6 (25. Nxc5 Qf7 $16) 25... Rb8) 25. Bc4+ $18 Kh8 {[%cal Oh4h3]} 26. Nf2 Bf8 $2 {[#]} (26... g5 27. Ng4 Qg6) 27. Ng4 $1 {[%mdl 512]} Qxd6 28. Qxd6 Bxd6 29. Nxe5 Nxe5 (29... Bxe5 $142 30. Nxc5 Bf6) 30. Nb6 {White is clearly winning.} Rb8 31. Bf4 Nxc4 32. Nxc4 Bxf4 33. Re8+ Kg7 {[#] White must now prevent ...Nf6.} 34. Rxf4 Nf6 35. Rd8 g5 36. Rf1 {Weighted Error Value: White=0.14 (very precise) /Black=0.50} 1-0

[Event "Memorijal Nesic Predrag IM 202"]
[Site "Pozarevac"]
[Date "2022.02.15"]
[Round "9.2"]
[White "Milanovic, Slavisa"]
[Black "Klukin, Kirill"]
[Result "1/2-1/2"]
[WhiteElo "2296"]
[BlackElo "2374"]
[Annotator "TA"]
[PlyCount "64"]
[EventDate "2022.02.08"]
[EventType "tourn"]
[EventCountry "SRB"]
[SourceTitle "playchess.com"]
[Source "ChessBase"]
[SourceQuality "1"]

{[%evp 15,64,22,35,22,23,21,56,49,50,52,68,52,78,8,9,6,12,8,12,14,17,0,0,0,0,0,0,0,0,0,8,8,20,0,0,0,0,0,8,0,0,0,0,0,0,0,0,0,0,0,0]} 1. Nf3 d5 2. c4 e6 3. g3 Nf6 4. Bg2 Be7 5. O-O O-O 6. d4 c6 7. Qc2 b6 $1 {[%mdl 4] is recently more successful than 7...Nbd7.} 8. b3 Bb7 9. Bb2 {E06: Closed Catalan: Early deviations.} a5 10. Nc3 Na6 11. Rac1 {White is slightly better.} Rc8 12. Rfd1 {[#]} Rc7 $146 ({Predecessor:} 12... Re8 13. e4 Nxe4 14. Nxe4 Nb4 15. Qb1 dxe4 16. Ne5 f5 17. a3 Na6 18. f3 exf3 19. Bxf3 {½-½ (25) Grafe,W (2202)-Gegenfurtner,J (2116) Forchheim 2010}) 13. Ne5 Qa8 14. cxd5 {White is more active.} (14. Qd2 $16) 14... cxd5 $11 {The position is equal.} 15. Qb1 Nd7 16. Nxd7 Rxd7 17. e3 Nc7 18. a4 {[%cal Ba2a4,Ba4b5][%mdl 32]} Ba6 19. Bf1 Bxf1 20. Kxf1 b5 21. axb5 Rb8 22. Qd3 Bb4 23. Ra1 Qb7 24. Ba3 Bxc3 25. Qxc3 Qxb5+ 26. Kg2 Na6 27. Bc5 Nxc5 28. dxc5 Ra7 29. Ra3 Qc6 {[#] Hoping for ...d4+.} 30. Kg1 {Rda1 is the strong threat.} Rb5 31. Rc1 f6 32. Ra4 h6 {Weighted Error Value: White=0.10 (very precise) /Black=0.06 (flawless)} 1/2-1/2

[Event "Memorijal Nesic Predrag IM 202"]
[Site "Pozarevac"]
[Date "2022.02.15"]
[Round "9.3"]
[White "Sanz Wawer, Daniel"]
[Black "Dudukovic, Nikola"]
[Result "1-0"]
[WhiteElo "2371"]
[BlackElo "2362"]
[Annotator "TA"]
[PlyCount "51"]
[EventDate "2022.02.08"]
[EventType "tourn"]
[EventCountry "SRB"]
[SourceTitle "playchess.com"]
[Source "ChessBase"]
[SourceQuality "1"]

{[%evp 19,51,0,12,-26,22,22,52,45,53,39,70,56,50,54,51,50,65,68,46,52,50,44,122,118,202,168,529,528,724,723,1977,1950,29989,29989]} 1. e4 e5 2. Nf3 Nc6 3. Bb5 a6 4. Ba4 Nf6 5. O-O Be7 6. Re1 b5 7. Bb3 O-O 8. a4 b4 9. d4 $1 {[%mdl 4] now scores much better than the old 9.d3.} d6 10. h3 Bb7 11. c3 {C88: Closed Ruy Lopez: Anti-Marshall Systems.} bxc3 (11... exd4 $142 12. Nxd4 Nxd4 13. Qxd4 c5) 12. bxc3 $11 Nd7 {[#]} 13. Nbd2 $146 {White is slightly better.} ({Predecessor:} 13. a5 Bf6 14. d5 Ne7 15. Ba3 Ng6 16. g3 Be7 17. Nbd2 f5 18. exf5 Rxf5 19. Bc2 {1-0 (68) Jones,S (2025)-Jones,C (2072) England 2013}) 13... Na5 14. Ba2 Bf6 15. Nc4 Nxc4 16. Bxc4 Rb8 17. Ba3 exd4 18. cxd4 Re8 19. Qc2 {[%cal Oe4e5]} c5 20. Rad1 {Black must now prevent dxc5.} Qa5 (20... Qc8 $14) 21. dxc5 $16 {[%cal Oc4f7] [#] Strongly threatening Bxf7+!} Nxc5 (21... Bc6 $16 {was necessary.}) 22. Rxd6 $18 Rxe4 $2 (22... Ne6 {is tougher.}) 23. Rb1 {Threatens to win with Bxc5.} Rbe8 24. Bxc5 Kh8 25. Rxb7 {[%cal Oc2e4] White threatens Qxe4! and mate.} Qxc5 {[#]} 26. Qxe4 $1 {[%mdl 512] Black got outplayed after the opening.  Weighted Error Value: White=0.08 (flawless) /Black=0.96} 1-0

[Event "Memorijal Nesic Predrag IM 202"]
[Site "Pozarevac"]
[Date "2022.02.15"]
[Round "9.4"]
[White "Milosevic, Milos"]
[Black "Dev, Shah"]
[Result "0-1"]
[WhiteElo "2296"]
[BlackElo "2272"]
[Annotator "TA"]
[PlyCount "100"]
[EventDate "2022.02.08"]
[EventType "tourn"]
[EventCountry "SRB"]
[SourceTitle "playchess.com"]
[Source "ChessBase"]
[SourceQuality "1"]

{[%evp 21,100,-36,0,-75,-57,-75,-67,-85,-71,-111,-61,-61,-60,-66,-51,-86,-52,-85,-35,-23,-5,-13,-15,-45,0,-100,0,0,0,0,81,100,137,22,21,40,76,8,89,-72,-72,-69,0,0,0,-60,-77,-80,-69,-70,-17,-101,-97,-162,-156,-208,-196,-196,-185,-469,-467,-925,-902,-1135,-1129,-1106,-445,-464,-439,-1791,-1705,-1679,-1648,-1470,-1356,-12839,-12838,-29980,-29981,-29989,-29990]} 1. Nf3 Nf6 2. g3 c5 3. Bg2 Nc6 4. c4 d5 5. cxd5 Nxd5 6. Nc3 Nc7 7. O-O e5 8. b3 Be7 9. Bb2 O-O 10. Rc1 f6 11. d3 {11.e3 is becoming the main line.} Be6 12. Nd2 {A34: Symmetrical English: 2 Nc3, lines with ...d5.} (12. e3 $1 $11 {remains equal.}) 12... Qd7 $17 13. Re1 Rad8 {[#]} 14. Qc2 $146 {Black is slightly better.} ({Predecessor:} 14. Nce4 b6 15. Nc4 Rfe8 16. Ne3 Nd5 17. Qd2 Nd4 18. Nxd5 Bxd5 19. f4 Qb7 20. e3 {0-1 (41) Stoy,U (1821)-Deuer,M (1919) Playchess.com INT 2020}) 14... b6 15. Qb1 f5 (15... Bh3 $17) 16. Nc4 Bf6 17. Nd1 Nd5 18. a3 {[%cal Ob3b4]} Nd4 19. Qa2 b5 {Black is much more active. White has bad knights.} (19... f4 $17) 20. Nd2 $1 $15 Be7 21. e3 Nc6 22. Qa1 Nb6 (22... b4 $15) 23. Nf3 (23. b4 $11) 23... Qxd3 ({Black should try} 23... e4 $17 24. dxe4 Na5) 24. Nxe5 Nxe5 25. Bxe5 {[%cal Ob3b4]} Rf7 (25... Bxb3 $11 26. Bxg7 Rf7) 26. Nc3 $1 $16 Bxb3 27. Bf1 (27. Bc7 $1 $16) 27... Qd7 $1 $11 {Hoping for ...a6.} 28. Nxb5 a6 {[#]} 29. Nc7 (29. Rb1 $1 $16) 29... c4 (29... a5 $1 $11 {keeps the balance.}) 30. Bg2 $2 (30. Nxa6 $16 Qe6 31. Bd4) 30... Qc8 $1 $17 {...Bf6 is the strong threat.} 31. a4 a5 (31... Bb4 $15 32. a5 Na4) 32. Nb5 $11 Bb4 ({Resist} 32... Nxa4 33. Nd4 Nc5 34. Qxa5 $16) 33. Re2 (33. Bc3 $11) 33... Nxa4 $15 34. Nd4 Nc5 35. Nc6 $1 Rdd7 (35... Nd3 $1 $15 36. Rb1 Rdd7) 36. Bd4 (36. Rb2 $11) 36... Nd3 $36 {[%mdl 2048] Black is in control.} 37. Rb1 (37. Rf1 $17) 37... Rd6 $1 $19 38. Ne5 {[#]} (38. Nxb4 $17 axb4 39. Qa5) 38... Nxe5 $1 39. Bxe5 Rd3 {Strongly threatening ...Qe6.} 40. e4 $2 (40. Bf1) 40... Rfd7 41. Bh3 (41. Bf1 $142 Qc6 42. Bxg7 Rxg7 43. exf5) 41... Rd1+ 42. Kg2 c3 43. Bxf5 Qc4 (43... c2 $142 44. Bxd7 {[#]} Rxb1 $1 45. Bxc8 c1=Q 46. Qxb1 Qxb1) 44. Bxd7 Qxe2 45. Be6+ (45. Rxd1 $142 Bxd1 46. Bxc3 Qf3+ 47. Kg1 Bxc3 48. Qa2+ Kh8 49. Qd5) 45... Bxe6 46. Rxd1 Qxe4+ 47. Kg1 Qxe5 48. Re1 {Inhibits Qe4.} Qd5 {( -> ...Bh3)} 49. Qa4 Bd7 50. Qc2 Bc6 {Weighted Error Value: White=0.86/Black=0.30} 0-1

[Event "Memorijal Nesic Predrag IM 202"]
[Site "Pozarevac"]
[Date "2022.02.15"]
[Round "9.5"]
[White "Spasic, Petar"]
[Black "Zlatanovic, Boroljub"]
[Result "1/2-1/2"]
[WhiteElo "2334"]
[BlackElo "2338"]
[Annotator "TA"]
[PlyCount "98"]
[EventDate "2022.02.08"]
[EventType "tourn"]
[EventCountry "SRB"]
[SourceTitle "playchess.com"]
[Source "ChessBase"]
[SourceQuality "1"]

{[%evp 9,98,18,58,47,47,43,52,53,55,38,53,36,61,70,73,49,71,79,83,87,78,42,124,124,126,120,125,122,132,102,116,133,102,119,120,52,58,52,45,6,13,23,16,0,33,-43,-56,-47,-54,-170,-139,-154,-141,-140,0,0,0,0,130,139,126,125,95,97,4586,4134,29974,29975,5081,0,0,0,0,0,0,0,0,0,0,0,0,0,0,0,0,0,0,0,0,0,0]} 1. c4 e5 2. Nc3 Nc6 3. Nf3 d6 4. g3 Be7 5. Bg2 h5 6. h4 {A27: English Opening: Three Knights Variation.} Bg4 7. d3 Qd7 8. Rb1 {[#] White is slightly better.} Nd4 $146 ({Predecessor:} 8... a5 9. a3 Nf6 10. b4 axb4 11. axb4 O-O 12. b5 Nd4 13. Ng5 c6 14. Qd2 d5 {0-1 (34) Rogule,L (2281)-Dambrauskas,V (2307) Frydek Mistek 2005}) 9. Nxd4 exd4 10. Ne4 (10. Bxb7 Rb8 11. Qb3 dxc3 12. bxc3 Kf8 $17) 10... c5 11. b4 cxb4 12. Bb2 Nf6 13. Bxd4 {aiming for Nxf6+.} Nxe4 14. Bxe4 O-O 15. Bd5 (15. a3 {keeps more tension.} a5 16. O-O d5 17. Bxd5 Rfe8 18. Re1) 15... Rae8 (15... a5 $14) 16. f3 $16 (16. Rxb4 Bxe2 17. Qxe2 Bf6 18. Bxf6 (18. Rxb7 $2 Rxe2+ 19. Kxe2 Qg4+ 20. Bf3 Qxd4 $19) 18... Rxe2+ 19. Kxe2 gxf6) (16. Bxa7 $6 Bf6 17. Be3 Bc3+ 18. Kf1 Re5 $11) 16... Be6 17. Rxb4 Bxd5 18. cxd5 b5 19. Qb3 a6 20. Qb2 f6 21. Kf2 {[%cal Oa2a4]} Bd8 22. a4 (22. Rb3 $16) 22... Ba5 $14 23. Rb3 {[%cal Ra4b5]} b4 24. e4 Qxa4 25. Ra1 Qb5 26. Kg2 Rb8 $1 27. g4 (27. Rb1 $14) 27... hxg4 $15 28. fxg4 Bb6 29. h5 (29. Bxb6 $15 Rxb6 30. Qa2) 29... a5 $19 {[%cal Ba6a5,Ba5a4][%mdl 32]} 30. h6 a4 31. hxg7 Rfc8 (31... Kxg7 32. Bxf6+ $1 Kg6 33. Rxb4 Qxd3 34. Ra3 $15 (34. g5 $2 Rfc8 $19)) ({Black should play} 31... Rfe8 $1 $17 32. Rh1 (32. Rxb4 $2 Bxd4 33. Rxb5 Bxb2 $19) (32. Bxb6 $2 axb3 33. Qxf6 Qxd3 $19) 32... axb3) 32. Bxb6 $1 $11 axb3 33. Qxf6 Qd7 {[#]} (33... Rxb6 34. Rf1 Rc2+ 35. Kh1) (33... Qxd3 34. Qe6+ Kh7 35. g8=B+ Rxg8 36. Qf7+ Kh6 37. Rh1+) (33... Rc2+ $1 $11 {remains equal.} 34. Kh1 Qd7) 34. Kg3 $1 $16 {[%cal Oa1h1] White threatens Rh1! and mate. White is much more active.} Qxg7 (34... Rxb6 35. Rh1 Qxg7 36. Qe6+ Qf7 37. Qxc8+ Qf8 38. Rh8+ $3 {[%mdl 512]} Kxh8 39. Qxf8+ Kh7 40. Qf7+ Kh8 41. g5) 35. Qe6+ Qf7 36. Qxd6 {Black must now prevent Ra7.} Rf8 $2 {[%mdl 8192] [#]} (36... b2 $16 37. Rb1 Qf8 38. Qg6+ Qg7 39. Qxg7+ Kxg7 40. Bd4+ Kg6) 37. Bd4 $1 $18 {[%cal Oa1f1]} Rb7 {[#]} 38. Rf1 $3 {[%mdl 512]} Qe8 39. Qh6 $2 Qb8+ $11 {The position is equal.} 40. Kg2 {[%csl Gd4][%cal Rh6h8] The board is on fire.} Rxf1 41. Qg6+ Kf8 {Threatens to win with ...Qf4.} 42. Bc5+ Re7 $1 {...Qf4 is the strong threat.} 43. Kxf1 {[%mdl 4096] Endgame KQR-KQB} Qf4+ 44. Kg2 b2 45. Bxe7+ Kxe7 46. Qg7+ Kd6 47. Qxb2 Qxg4+ 48. Kh2 Qh4+ 49. Kg2 Qg4+ {Never resign too early!  Weighted Error Value: White=0.24 (precise) /Black=0.32} 1/2-1/2